[Event "Vienna op"]
[Site "Vienna"]
[Date "1996.??.??"]
[Round "3"]
[White "Onischuk, Alexander"]
[Black "Barle, Janez"]
[Result "1/2-1/2"]
[WhiteElo "2605"]
[BlackElo "2445"]

1.e4 e5 2.Nf3 d6 3.d4 Nd7 4.Nc3 Ngf6 5.Bc4 Be7 6.O-O O-O 7.Re1 c6 8.a4 a5
9.h3 Qc7 10.Bg5 h6 11.Be3 Re8 12.Nh4 Nf8 13.Qf3 Be6 14.Bxe6 fxe6 15.dxe5 dxe5
16.Qe2 N6d7 17.Nf3 Bc5 18.Bxc5 Nxc5 19.Qc4 b6 20.Rad1 Rad8 21.g3 Rxd1 22.Rxd1 Re7
23.Kg2 Rd7 24.Rb1 Rf7 25.b3 Nfd7 26.Rd1 Nf6 27.b4 axb4 28.Qxb4 Nfd7 29.Qc4 Qb8
30.Ne1 Qf8 31.Rd2 Nf6 32.Qe2 Ra7 33.Qe3 Qb8 34.Nf3 Kh7 35.Rd1 Nxa4 36.Rb1 b5
37.Nxa4 Rxa4 38.Qc5 Qe8 39.Nxe5 Rxe4 40.Qd6 Nd5 41.Nxc6 Rc4 42.Nb4 Nxb4 43.Rxb4 Qa8+
44.Kg1 Qa3 45.c3 Qxc3 46.Rb1 Rc6 47.Qd7 Qc4 48.Qd2 Rc5 49.Kh2 Rd5 50.Qe1 Qc2
51.Rc1 Qf5 52.Kg2 Rd4 53.Qe3 Rd3 54.Qe2 Qd5+ 55.Kh2 b4 56.Re1 Rd2 57.Qe4+ Qxe4
58.Rxe4 Rxf2+ 59.Kg1 Rb2 60.Rxe6 b3 61.Re3 Kg6 62.Rf3 Kg5 63.Kh1 h5 64.Kg1 Kh6
65.Kh1 g5 66.g4 hxg4 67.hxg4 Kg6 68.Kg1 Rb1+ 69.Kg2 b2 70.Rb3 Kf6 71.Rb5 Ke6
72.Kh2 Kd6 73.Kg2 Kc6 74.Rb8 Kd5 75.Rd8+ Ke4 76.Rb8 Kf4 77.Rb4+ Ke3 78.Rb8  1/2-1/2

[Event "Vienna op"]
[Site "Vienna"]
[Date "1996.??.??"]
[Round "4"]
[White "Podgaets, Mikhail"]
[Black "Onischuk, Alexander"]
[Result "1/2-1/2"]
[WhiteElo "2460"]
[BlackElo "2605"]

1.d4 f5 2.g3 Nf6 3.Bg2 g6 4.c4 Bg7 5.Nc3 O-O 6.Nf3 d6 7.O-O Na6 8.Rb1 c6
9.d5 Bd7 10.b3 Rc8 11.Bb2 Qe8 12.Nd4 Nc7 13.e3 c5 14.Ne6 Bxe6 15.dxe6 Rb8
16.Nd5 Nxe6 17.Re1 Qf7 18.Nxf6+ Bxf6 19.Bd5 Bxb2 20.Rxb2 Qf6 21.Rbe2 Kh8
22.f4 Ng7 23.Bg2 g5 24.Qd2 b6 25.e4 gxf4 26.Qxf4 Ne6 27.Qc1 Qd4+ 28.Kh1 f4
29.Rd2 Qg7 30.e5 f3 31.Bf1 dxe5 32.Rd5 Nd4 33.Rdxe5 e6 34.R1e4 Rf5 35.Qe3 Rbf8
36.Rxf5 Rxf5 37.Rf4 Qf6 38.Qe4 Rxf4 39.gxf4 Kg7 40.Bd3 Nf5 41.Qb7+ Kh6 42.Qxf3 Qa1+
43.Qf1 Qxf1+ 44.Bxf1 Kh5 45.Be2+ Kh4 46.Kg2 Ne7 47.Bd3 Kg4 48.Bxh7 Kxf4 49.Kf2 a6
50.Bc2 Nc6 51.Bd1 Nb4 52.a3 Nd3+ 53.Kg2 Ne5 54.h4 Ng4 55.Be2 Ne3+ 56.Kf2 Nf5
57.h5 Kg5 58.b4 a5 59.bxa5 bxa5 60.Bd1 Nd6 61.Be2 Ne4+ 62.Ke3 Nc3 63.Bg4 Nb1  1/2-1/2

[Event "Vienna op"]
[Site "Vienna"]
[Date "1996.??.??"]
[Round "5"]
[White "Onischuk, Alexander"]
[Black "Priehoda, Vitezslav"]
[Result "1-0"]
[WhiteElo "2605"]
[BlackElo "2400"]

1.Nf3 d5 2.d4 c6 3.e3 Bf5 4.b3 e6 5.Be2 Bd6 6.Bb2 Nd7 7.Nbd2 h6 8.Ne5 Nxe5
9.dxe5 Bc5 10.a3 a5 11.Bd3 Ne7 12.Qe2 Bxd3 13.cxd3 Ng6 14.O-O O-O 15.f4 Be7
16.g3 f5 17.Rac1 Rf7 18.Kh1 Qf8 19.Ra1 a4 20.b4 c5 21.bxc5 Bxc5 22.g4 Ne7
23.h3 Nc6 24.Nf3 Rc7 25.Rg1 Qf7 26.gxf5 Qxf5 27.Rg4 Bf8 28.Rag1 Rac8 29.Nh4 Qf7
30.Rg6 Ne7 31.Rf6 Rc2 32.Qg4 Rxb2 33.Rxf7 Kxf7 34.f5 exf5 35.Nxf5 Rcc2 36.Rf1 Kg8
37.Nxh6+ Kh7 38.Nf7 Ng6 39.Qh5+  1-0

[Event "Vienna op"]
[Site "Vienna"]
[Date "1996.??.??"]
[Round "7"]
[White "Onischuk, Alexander"]
[Black "Fauland, Alexander"]
[Result "1-0"]
[WhiteElo "2605"]
[BlackElo "2435"]

1.e4 c5 2.Nf3 Nc6 3.Bb5 e6 4.O-O Nge7 5.Nc3 a6 6.Bxc6 Nxc6 7.d4 cxd4 8.Nxd4 Be7
9.Nxc6 dxc6 10.e5 f5 11.exf6 Qxd1 12.Rxd1 gxf6 13.f4 Bd7 14.Be3 O-O-O 15.Bb6 Be8
16.Bxd8 Bxd8 17.Re1 Bf7 18.Ne4 Be7 19.Rad1 Rd8 20.Rxd8+ Kxd8 21.Kf2 Bg6 22.g4 f5
23.gxf5 Bxf5 24.Ke3 c5 25.c4 Kd7 26.Rg1 Bg6 27.h4 b6 28.h5 Bxh5 29.Rg7 Bg6
30.Nf6+ Kd6 31.Nxh7 Bb1 32.a3 Bf5 33.b4 cxb4 34.axb4 Bh4 35.Ng5 Be1 36.Nf7+ Ke7
37.Ne5+ Kf8 38.Rb7 Bxb4 39.Nd7+ Ke8 40.Rxb6 a5 41.Rb7 Bh3 42.Kd4 Bg2 43.Ra7 Ke7
44.Nc5+ Kf6  1-0

[Event "Hoogovens-B"]
[Site "Wijk aan Zee"]
[Date "1996.??.??"]
[Round "1"]
[White "Onischuk, Alexander"]
[Black "Nijboer, Friso"]
[Result "1/2-1/2"]
[WhiteElo "2580"]
[BlackElo "2475"]

1.e4 c5 2.c3 Nf6 3.e5 Nd5 4.d4 cxd4 5.Nf3 Nc6 6.Bc4 Nb6 7.Bb3 d5 8.exd6 Qxd6
9.O-O Be6 10.Na3 dxc3 11.Qe2 Bxb3 12.Nb5 Qb8 13.axb3 e5 14.bxc3 Be7 15.Bg5 a6
16.Bxe7 Nxe7 17.Nxe5 O-O 18.Nd4 Ng6 19.Nxg6 hxg6 20.Rfe1 Re8 21.Qf3 Qc7 22.c4 Nd7
23.Re3 Rxe3 24.Qxe3 Qe5 25.Qxe5 Nxe5 26.Re1 Nd3 27.Rd1 Nc5 28.b4 Na4 29.Nb3 Nb2
30.Rd4 b6 31.c5 bxc5 32.bxc5 Rc8 33.Rd2 Nc4 34.Rc2 Rb8 35.Rxc4 Rxb3 36.Kf1 Kf8
37.Ke2 Ke7 38.Re4+ Kd7 39.Rf4 Ke7 40.Kd2 Rb5 41.Re4+  1/2-1/2

[Event "Hoogovens-B"]
[Site "Wijk aan Zee"]
[Date "1996.??.??"]
[Round "2"]
[White "Kuijf, Marinus"]
[Black "Onischuk, Alexander"]
[Result "1/2-1/2"]
[WhiteElo "2470"]
[BlackElo "2580"]

1.e4 e5 2.Bc4 Nc6 3.Nc3 Nf6 4.d3 Na5 5.Nge2 c6 6.a4 Nxc4 7.dxc4 Bc5 8.f3 d6
9.Qd3 Be6 10.b3 a5 11.Be3 Qb6 12.Bxc5 Qxc5 13.O-O-O O-O-O 14.Kb2 h5 15.Qd2 h4
16.h3 Nh5 17.Nc1 Qb6 18.Ka2 Nf4 19.Rhe1 Qd4 20.Kb2 Qxd2 21.Rxd2 b6 22.Nd3 Nh5
23.Nd1 g6 24.Ne3 f5 25.Nf2 Kc7 26.Kc3 Rhf8 27.Kb2 Nf6 28.Ned1 Rh8 29.Nc3 Rh5
30.Nd3 Bc8 31.Ree2 Rf8 32.Re1 Rh7 33.Nf2 Nh5 34.Nd3 Rhf7 35.Kc1 Ng7 36.Nf2 Ne6
37.Nd3 Nd4 38.Nf2 Bb7 39.Nd3 Ne6 40.Kb2 Rd7 41.Red1 Rdd8 42.Re1 Kb8 43.Rdd1 Ba6
44.Rd2 Kc7 45.Rdd1 Ng7 46.Rd2 Nh5 47.Rdd1 Rde8 48.Rd2 Rf6 49.Rdd1 Bc8 50.Rd2 Rf7
51.Rdd1 Rfe7 52.Rd2 Bd7 53.Ree2 g5 54.Re1 Nf4 55.Red1 Nxd3+ 56.Rxd3 g4 57.fxg4 fxg4
58.Rxd6 gxh3 59.gxh3 Rh7 60.R6d3 Rg8 61.Ne2 Be6 62.Ng1 Rf7 63.Rf3 Rf4 64.Rxf4 exf4
65.Nf3 Bxh3 66.Nxh4 Rg4 67.Nf3 Rg3 68.Ne5 Re3 69.Rd3 Rxe4 70.Rxh3 Rxe5 71.Kc3 c5
72.Kd3 Re7  1/2-1/2

[Event "Hoogovens-B"]
[Site "Wijk aan Zee"]
[Date "1996.??.??"]
[Round "3"]
[White "Onischuk, Alexander"]
[Black "Delemarre, Jop"]
[Result "1/2-1/2"]
[WhiteElo "2580"]
[BlackElo "2325"]

1.e4 c6 2.c4 d5 3.exd5 cxd5 4.cxd5 Nf6 5.Nc3 Nxd5 6.Nf3 Nc6 7.d4 Bg4 8.Qb3 Bxf3
9.gxf3 e6 10.Qxb7 Nxd4 11.Bb5+ Nxb5 12.Qc6+ Ke7 13.Qxb5 Qd7 14.Nxd5+ Qxd5
15.Bg5+ f6 16.Qxd5 exd5 17.Be3 Ke6 18.O-O-O Bb4 19.a3 Rac8+ 20.Kb1 Bc5 21.Rhe1 Bxe3
22.Rxe3+ Kd6 23.Rde1 Rhd8 24.Re6+ Kc7 25.Rc1+ Kb8 26.Rxc8+ Rxc8 27.h3 Rc4
28.Re8+ Kb7 29.Re7+ Kb6 30.Rxg7 Rf4 31.Rg3 h5 32.Kc2 h4 33.Rg4 Rxf3 34.Rxh4 Rxf2+
35.Kc3 a5 36.Rh8 Kc5 37.Rc8+ Kb5 38.Rb8+ Ka4 39.h4 Rh2 40.Rd8 Rh3+ 41.Kd4 Rxh4+
42.Kxd5 Rh5+ 43.Kc4  1/2-1/2

[Event "Hoogovens-B"]
[Site "Wijk aan Zee"]
[Date "1996.??.??"]
[Round "4"]
[White "Onischuk, Alexander"]
[Black "Van der Wiel, John TH"]
[Result "1/2-1/2"]
[WhiteElo "2580"]
[BlackElo "2535"]

1.e4 c5 2.Nf3 d6 3.d4 cxd4 4.Nxd4 Nf6 5.Nc3 Nc6 6.Bc4 e6 7.Be3 Be7 8.Qe2 a6
9.O-O-O Qc7 10.Bb3 Na5 11.g4 b5 12.g5 Nxb3+ 13.axb3 Nd7 14.h4 b4 15.Na4 Nc5
16.h5 Bd7 17.Kb1 Bxa4 18.bxa4 Rc8 19.f3 Nxa4 20.Qxa6 Nc5 21.Qb5+ Nd7 22.Rd2 O-O
23.g6 Nc5 24.h6 fxg6 25.hxg7 Rf7 26.Qxb4 Rb8 27.Qc4 d5 28.exd5 exd5 29.Qa2 Qb7
30.Nb3 Nxb3 31.Qxb3 Qxb3 32.cxb3 Rxb3 33.Bd4 Bf6 34.f4 Bxg7 35.Bxg7 Kxg7
36.Rf1 Rf5 37.Kc2 Rb4 38.Rdf2 h5 39.b3 Rb7 40.Kc3 d4+ 41.Kxd4 Rxb3 42.Rf3 Rxf3
43.Rxf3 h4 44.Ke3 Kh6 45.Rf1 Kh5 46.Rg1 Ra5 47.Kf3 Ra3+ 48.Kf2 Ra2+ 49.Kf3 Ra3+
50.Kf2 Ra2+ 51.Kf3 h3 52.Rg5+ Kh6 53.Rg3 Ra3+ 54.Kg4 h2 55.Rxa3 h1=Q 56.Rh3+ Qxh3+
57.Kxh3  1/2-1/2

[Event "Hoogovens-B"]
[Site "Wijk aan Zee"]
[Date "1996.??.??"]
[Round "7"]
[White "Van de Mortel, Jan"]
[Black "Onischuk, Alexander"]
[Result "0-1"]
[WhiteElo "2315"]
[BlackElo "2580"]

1.e4 e5 2.d4 exd4 3.Qxd4 Nc6 4.Qe3 g6 5.Nc3 Bg7 6.Bd2 Nge7 7.O-O-O O-O 8.h4 d5
9.exd5 Nxd5 10.Qg3 Ndb4 11.a3 a5 12.Bg5 Qe8 13.axb4 axb4 14.Nd5 Bf5 15.Bd3 Qe6
16.Bxf5 Ra1+ 17.Kd2 Qxd5+ 18.Bd3 Rxd1+ 19.Kxd1 b3 20.Ne2 Re8 21.Nc3 Bxc3
22.bxc3 b2 23.Kd2 Qa2 24.Qxc7 b1=N+ 25.Rxb1 Qxb1 26.Be3 Ne5 27.Be2 b5 28.Qd6 Nc4+
29.Bxc4 bxc4 30.Qf6 Qh1 31.g4 Qe4 32.h5 Qe5 33.Qf3 Qe6 34.h6 f6 35.Qb7 Qe7
36.Qd5+ Qf7 37.Qb5 g5 38.Qc6 Qe6 39.Qb7 Re7 40.Qb8+ Kf7 41.Qg3 Qd5+ 42.Ke2 Rb7
43.Qg1 Rb2 44.Qc1 Qd3+  0-1

[Event "Hoogovens-B"]
[Site "Wijk aan Zee"]
[Date "1996.??.??"]
[Round "8"]
[White "Onischuk, Alexander"]
[Black "Bologan, Viktor"]
[Result "1-0"]
[WhiteElo "2580"]
[BlackElo "2590"]

1.c4 e5 2.Nc3 Bb4 3.Nd5 Be7 4.d4 d6 5.e3 Nf6 6.Nxe7 Qxe7 7.Ne2 O-O 8.d5 a5
9.Nc3 Na6 10.e4 Nc5 11.Qf3 h6 12.h3 Nh7 13.g4 Qh4 14.Be2 b6 15.Qg2 Ba6 16.Be3 Rfe8
17.O-O-O Nd7 18.Kb1 Ndf8 19.Bd3 Ng6 20.Ne2 Qf6 21.Qg3 Qh4 22.Qh2 Bc8 23.Rdf1 Bd7
24.f3 Rab8 25.Bf2 Qf6 26.Be1 c6 27.h4 Qe7 28.Bd2 b5 29.cxb5 cxd5 30.Nc3 dxe4
31.fxe4 Bxg4 32.Nd5 Qd7 33.Bxa5 Be6 34.Qc2 Ne7 35.Rhg1 Rec8 36.Qg2 g6 37.Nb6 Rxb6
38.Bxb6 Bh3 39.Qf2 Bxf1 40.Rxf1 Qe6 41.Be3 d5 42.Bxh6 dxe4 43.Bxe4 Rb8 44.a4 Nd5
45.h5 Nhf6 46.hxg6 fxg6 47.Bxd5 Nxd5 48.Qc2  1-0

[Event "Hoogovens-B"]
[Site "Wijk aan Zee"]
[Date "1996.??.??"]
[Round "9"]
[White "Garcia, Gildardo"]
[Black "Onischuk, Alexander"]
[Result "1/2-1/2"]
[WhiteElo "2525"]
[BlackElo "2580"]

1.e4 e5 2.Nf3 Nc6 3.Nc3 Nf6 4.d4 exd4 5.Nxd4 Bb4 6.Nxc6 bxc6 7.Bd3 d5 8.exd5 cxd5
9.O-O O-O 10.Bg5 c6 11.Qf3 h6 12.Bxf6 Qxf6 13.Qxf6 gxf6 14.Ne2 Bd6 15.Nd4 c5
16.Nf5 Bxf5 17.Bxf5 Rfe8 18.Rad1 Rad8 19.Bg4 c4 20.b3 Bb4 21.bxc4 dxc4 22.Rxd8 Rxd8
23.Rd1 Rd2 24.Rxd2 Bxd2 25.Be2 c3 26.Bd3 Kf8 27.Kf1 Ke7 28.Ke2 Ke6 29.Bc4+ Ke7
30.a4 Kf8 31.Kd3 Be1 32.f4 Bd2 33.Ke4 Bc1 34.Kf5 Kg7 35.h4 Bd2 36.h5  1/2-1/2

[Event "Hoogovens-B"]
[Site "Wijk aan Zee"]
[Date "1996.??.??"]
[Round "11"]
[White "Stripunsky, Alexander"]
[Black "Onischuk, Alexander"]
[Result "1/2-1/2"]
[WhiteElo "2495"]
[BlackElo "2580"]

1.e4 e5 2.Nf3 Nc6 3.Bb5 a6 4.Ba4 Nf6 5.O-O b5 6.Bb3 Be7 7.Re1 O-O 8.c3 d6
9.h3 Re8 10.Ng5 Rf8 11.Nf3 Re8 12.Ng5  1/2-1/2

[Event "Yerevan ol (Men)"]
[Site "Yerevan"]
[Date "1996.??.??"]
[Round "2"]
[White "Onischuk, Alexander"]
[Black "Cvitan, Ognjen"]
[Result "1-0"]
[WhiteElo "2605"]
[BlackElo "2535"]

1.e4 c5 2.Nf3 e6 3.d4 cxd4 4.Nxd4 Nf6 5.Nc3 d6 6.f4 a6 7.Qf3 Qb6 8.a3 Nc6
9.Nb3 Qc7 10.g4 b5 11.Bd3 Be7 12.Be3 Nd7 13.O-O Nc5 14.Nxc5 dxc5 15.e5 Bb7
16.Be4 g6 17.Rad1 O-O 18.Qg2 Rfd8 19.Bf3 Rab8 20.Rxd8+ Rxd8 21.Ne4 Nd4 22.Nf6+ Bxf6
23.Bxb7 Be7 24.Be4 c4 25.Qf2 c3 26.b4 Qc4 27.Bd3 Qd5 28.Qg2 f5 29.exf6 Bxf6
30.Qxd5 Rxd5 31.Kg2 Kf7 32.Be4 Rd8 33.Ra1 Rd6 34.a4 bxa4 35.Rxa4 e5 36.f5 gxf5
37.gxf5 Be7 38.Ra5 Bf6 39.Rc5 Rb6 40.Rc7+ Ke8 41.Rxc3 Rxb4 42.Rc8+ Kd7 43.Rf8 Be7
44.Rf7 Ke8 45.Rxh7 Nxc2 46.Bc6+ Kd8 47.Bd2 Rc4 48.Ba5+  1-0

[Event "Yerevan ol (Men)"]
[Site "Yerevan"]
[Date "1996.??.??"]
[Round "3"]
[White "Salai, Ladislav"]
[Black "Onischuk, Alexander"]
[Result "1/2-1/2"]
[WhiteElo "2440"]
[BlackElo "2605"]

1.e4 e5 2.Nf3 Nc6 3.Bb5 a6 4.Ba4 Nf6 5.O-O Bc5 6.c3 b5 7.Bb3 d5 8.d4 dxe4
9.dxc5 Qxd1 10.Bxd1 exf3 11.Bxf3 e4 12.Be2 Bg4 13.Bxg4 Nxg4 14.a4 b4 15.cxb4 Nxb4
16.Bd2 Nc2 17.Ra2 Rb8 18.Nc3 O-O 19.Nxe4 Rfe8 20.Ng3 Ne5 21.b3 Nd4 22.b4 Nd3
23.Be3 Nxb4 24.Rd2 Ne6 25.f4 f6 26.f5 Nf8 27.Bf4 Re7 28.Rb1 a5 29.Ne2 g5
30.Bg3 h5 31.h3 h4 32.Bh2 Rbe8 33.Nd4 Rd7 34.Rbd1 Red8 35.Nb3 Rxd2 36.Rxd2 Rxd2
37.Nxd2 Nd7 38.Bxc7 Nxc5 39.Bxa5 Nd5 40.Bd8 Nxa4 41.Ne4  1/2-1/2

[Event "Yerevan ol (Men)"]
[Site "Yerevan"]
[Date "1996.??.??"]
[Round "7"]
[White "Nevednichy, Vladislav"]
[Black "Onischuk, Alexander"]
[Result "1/2-1/2"]
[WhiteElo "2525"]
[BlackElo "2605"]

1.e4 c5 2.Nf3 Nc6 3.Bb5 e6 4.Bxc6 bxc6 5.d3 Ne7 6.Bd2 f6 7.Nh4 g6 8.f4 Bg7
9.O-O O-O 10.c4 d5 11.Be3 g5  1/2-1/2

[Event "Yerevan ol (Men)"]
[Site "Yerevan"]
[Date "1996.??.??"]
[Round "8"]
[White "Onischuk, Alexander"]
[Black "Roca, Petronio"]
[Result "0-1"]
[WhiteElo "2605"]
[BlackElo "2350"]

1.e4 c5 2.c3 e6 3.d4 cxd4 4.cxd4 d5 5.e5 Nc6 6.Nf3 Nge7 7.Bd3 Nf5 8.Bxf5 exf5
9.Nc3 Be6 10.a3 Be7 11.h4 h6 12.b4 Qd7 13.Ne2 b5 14.Nf4 a5 15.bxa5 Nxa5 16.Nh5 Kf8
17.Rh3 f4 18.Rh1 Nc4 19.Nxf4 Nxa3 20.Bxa3 Rxa3 21.Rxa3 Bxa3 22.Qd3 b4 23.Nxe6+ Qxe6
24.Qb5 g6 25.Kf1 Kg7 26.Kg1 Rc8 27.Kh2 Qc6 28.Qe2 Qc2 29.Qa6 Qc6 30.Qe2 Qc4
31.Qe1 b3 32.e6 Bd6+ 33.g3 Re8 34.Ne5 Rxe6 35.Nxc4 Rxe1 36.Rxe1 dxc4 37.Rb1 Ba3
38.d5 b2 39.d6 c3 40.d7 Be7 41.Re1 Bf6  0-1

[Event "Yerevan ol (Men)"]
[Site "Yerevan"]
[Date "1996.??.??"]
[Round "10"]
[White "Garcia Ilundain, David"]
[Black "Onischuk, Alexander"]
[Result "1/2-1/2"]
[WhiteElo "2520"]
[BlackElo "2605"]

1.d4 Nf6 2.Nf3 e6 3.c4 b6 4.g3 Ba6 5.b3 Bb4+ 6.Bd2 Be7 7.Bg2 O-O 8.O-O d5
9.cxd5 Nxd5 10.Nc3 Nd7 11.Nxd5 exd5 12.Rc1 c5 13.Be3 Re8 14.dxc5 Bxc5 15.Bxc5  1/2-1/2

[Event "Credis"]
[Site "Biel"]
[Date "1997.07.22"]
[Round "2"]
[White "Onischuk, Alexander"]
[Black "Jenni, Florian"]
[Result "1-0"]
[WhiteElo "2625"]
[BlackElo "2260"]

1.e4 e5 2.Nf3 Nc6 3.Nc3 Nf6 4.g3 d5 5.exd5 Nxd5 6.Bg2 Nxc3 7.bxc3 Bd6 8.O-O O-O
9.d3 Bg4 10.h3 Bh5 11.Rb1 Rb8 12.g4 Bg6 13.Ng5 Qd7 14.h4 f6 15.h5 Bxh5 16.Nxh7 Kxh7
17.gxh5 f5 18.Qf3 e4 19.dxe4 f4 20.Qh3 Qe7 21.e5 Qxe5 22.Bf3 g5 23.Bd2 Qf6
24.Bxc6 bxc6 25.Rxb8 Rxb8 26.Qd7+ Kh6 27.Re1 Be5 28.Bc1 Rd8 29.Qg4 Rd6 30.Ba3 Rd2
31.Bc5 f3 32.Qe4 Rd5 33.Be7 Qe6 34.Bf8+ Kxh5 35.Qh7+ Kg4 36.Kh1 Qf6 37.Be7 Qg7
38.Re4+ Bf4 39.Rxf4+  1-0

[Event "Credis"]
[Site "Biel"]
[Date "1997.07.28"]
[Round "7"]
[White "Jenni, Florian"]
[Black "Onischuk, Alexander"]
[Result "0-1"]
[WhiteElo "2260"]
[BlackElo "2625"]

1.e4 e5 2.Nf3 Nc6 3.Bb5 d6 4.d4 Bd7 5.Nc3 exd4 6.Nxd4 g6 7.O-O Bg7 8.Bxc6 bxc6
9.Be3 Nf6 10.Qd2 Ng4 11.Bf4 O-O 12.b3 Re8 13.h3 Nf6 14.Rfe1 c5 15.Nf3 Bc6
16.Bg5 h6 17.Bxf6 Bxf6 18.Rad1 Bxc3 19.Qxc3 Rxe4 20.Rxe4 Bxe4 21.Re1 Bc6
22.Nd2 Qh4 23.Qd3 Qd4 24.Qxd4 cxd4 25.Nc4 Re8 26.Rd1 Re4 27.f3 Rf4 28.Kf2 h5
29.Nb2 Bb7 30.b4 h4 31.Rd3 a6 32.a3 c5 33.bxc5 dxc5 34.Rb3 Be4 35.Rb8+ Kg7
36.Nd3 Rf5 37.Rc8 g5 38.Ke2 Bxd3+ 39.cxd3 Re5+ 40.Kd2 Kf6 41.Rc7 Rd5 42.a4 Ke6
43.Ke2 f5 44.f4 gxf4 45.Rc6+ Kd7 46.Rxa6 Re5+ 47.Kd2 Re3 48.Rf6 f3 49.gxf3 Rxf3
50.a5 Rxh3 51.Rxf5 Rh2+ 52.Ke1 h3 53.Rh5 Kc6 54.a6 Kb6 55.Kf1 c4 56.a7 Kxa7
57.Kg1 Ra2 58.dxc4 d3  0-1

[Event "Credis"]
[Site "Biel"]
[Date "1997.07.31"]
[Round "9"]
[White "Onischuk, Alexander"]
[Black "Kobalija, Mihail"]
[Result "1-0"]
[WhiteElo "2625"]
[BlackElo "2495"]

1.c4 e5 2.Nc3 Nc6 3.Nf3 Nf6 4.e3 Be7 5.d4 exd4 6.Nxd4 Nxd4 7.Qxd4 O-O 8.Be2 d6
9.b3 Be6 10.Bf3 c6 11.Bb2 d5 12.cxd5 cxd5 13.O-O Qa5 14.Rfc1 Rac8 15.a3 a6
16.b4 Qd8 17.Rd1 a5 18.bxa5 Rc5 19.Ne2 Qxa5 20.Nf4 Rd8 21.Be2 Rc2 22.Bd3 Rc6
23.h3 Qb6 24.Qxb6 Rxb6 25.Bd4 Rb3 26.a4 Ne8 27.Bc2 Rb4 28.Nd3 Rc4 29.Bb3 Rcc8
30.Bb6 Rd7 31.a5 Bf6 32.Rac1 Ra8 33.Nc5 Re7 34.Bxd5 Bxd5 35.Rxd5 Nc7 36.Rd3 Ne6
37.Nxe6 fxe6 38.f4 e5 39.f5 e4 40.Rd5 Be5 41.g4 g6 42.Rf1 gxf5 43.Rxf5 Bg7
44.Kg2 Rc8 45.Kg3 h6 46.Kh4 Rc1 47.Kh5 Rh1 48.h4 Rh3 49.Rd6 Kh7 50.Bd8 Re8
51.Bf6 Bf8 52.Rd7+ Kg8 53.Kg6  1-0

[Event "Tilburg Fontys"]
[Site "Tilburg"]
[Date "1997.09.10"]
[Round "11"]
[White "Onischuk, Alexander"]
[Black "Svidler, Peter"]
[Result "0-1"]
[WhiteElo "2625"]
[BlackElo "2660"]

1.e4 c5 2.Nf3 d6 3.d4 cxd4 4.Nxd4 Nf6 5.Nc3 a6 6.Be2 e5 7.Nb3 Be7 8.O-O O-O
9.Kh1 Qc7 10.g4 Be6 11.g5 Nfd7 12.f4 exf4 13.Bxf4 Nc6 14.Nd5 Bxd5 15.exd5 Nce5
16.Nd4 g6 17.c4 Rfe8 18.Rc1 Rac8 19.b4 Qd8 20.Rg1 Bf8 21.Qb3 Bg7 22.Rge1 Nb6
23.Red1 Nexc4 24.Bxc4 Re4 25.Qf3 Rxd4 26.Rxd4 Bxd4 27.Bb3 Rxc1+ 28.Bxc1 Qc8
29.Bf4 Qf5 30.Kg2 Nc8 31.Bd2 Qe5 32.Bf4 Qe1 33.a3 Ne7 34.Bxd6 Nf5 35.Bg3 Ne3+
36.Kh3 Qc3 37.Qe4 Qc8+ 38.Kh4 h5  0-1

[Event "Tilburg Fontys"]
[Site "Tilburg"]
[Date "1997.09.28"]
[Round "2"]
[White "Onischuk, Alexander"]
[Black "Lautier, Joel"]
[Result "1-0"]
[WhiteElo "2625"]
[BlackElo "2660"]

1.e4 c5 2.Nf3 d6 3.d4 cxd4 4.Nxd4 Nf6 5.Nc3 a6 6.Be2 e5 7.Nb3 Be7 8.O-O Be6
9.f4 Qc7 10.g4 exf4 11.Bxf4 Nc6 12.g5 Nd7 13.Nd5 Bxd5 14.exd5 Nce5 15.Nd4 g6
16.c4 O-O 17.Kh1 Rfe8 18.Rc1 Qd8 19.Rg1 Nc5 20.Qc2 a5 21.b3 Bf8 22.Rg3 Ned7
23.Nb5 Ne4 24.Re3 Ndc5 25.Rf1 h6 26.gxh6 f5 27.Bf3 Kh7 28.Qg2 Be7 29.Rg1 Rg8
30.Nd4 Bf6 31.Ne6 Nxe6 32.dxe6 Bd4 33.Bxe4 Bxe3 34.Bxe3 fxe4 35.Qxe4 Qc7
36.e7 Qc6 37.Qxc6 bxc6 38.Bg5 Rge8 39.Rd1 Ra7 40.Rxd6 Raxe7 41.Bxe7 Rxe7
42.Rxc6 Re1+ 43.Kg2 Re2+ 44.Kf3 Rxa2 45.Ke4 Rxh2 46.c5 Rc2 47.Kd3 Rc1 48.Kd2 Rf1
49.Ra6 Rf3 50.Kc2 Rf2+ 51.Kd3 Rf3+ 52.Kc4 Rf4+ 53.Kd5 Rf5+ 54.Kc6 Rf3 55.Kd7 g5
56.c6 Rd3+ 57.Kc8 g4 58.Rxa5 Rxb3 59.Rc5 g3 60.Rc2 Rf3 61.c7 Rf2 62.Rc1 g2
63.Kb7  1-0

[Event "Tilburg Fontys"]
[Site "Tilburg"]
[Date "1997.10.07"]
[Round "9"]
[White "Onischuk, Alexander"]
[Black "Shaked, Tal"]
[Result "1/2-1/2"]
[WhiteElo "2625"]
[BlackElo "250"]

1.e4 e6 2.Qe2 c5 3.g3 Nc6 4.c3 g6 5.Bg2 Bg7 6.f4 Nge7 7.Nf3 d6 8.O-O O-O
9.Na3 Rb8 10.Kh1 a6 11.Nc2 b5 12.d4 cxd4 13.cxd4 b4 14.b3 a5 15.Bb2 Qb6 16.Rfc1 Ba6
17.Qd1 d5 18.e5 Rfc8 19.Ne3 a4 20.Rc2 a3 21.Bc1 Na7 22.Rxc8+ Rxc8 23.Bd2 Nec6
24.Nc2 Bf8 25.g4 Bd3 26.Nce1 Be4 27.Be3 Nb5 28.Qd2 Nc3 29.Kg1 Na7 30.Bf1 Nab5
31.Qf2 Bb1 32.Qh4 Nd1 33.Bxb5 Qxb5 34.Bd2 Be4 35.Ng5 h6 36.Nxe4 dxe4 37.Rxd1 Qe2
38.Rc1 Rxc1 39.Bxc1 Qxa2 40.f5 exf5 41.gxf5 Qb1 42.fxg6 fxg6 43.Qf4 g5 44.Qd2 e3
45.Qc2 a2 46.Qc4+ Kg7 47.Qc7+ Kh8 48.Qc8 a1=Q  1/2-1/2

[Event "EUCup Gr6"]
[Site "Heraklio"]
[Date "1997.10.11"]
[Round "2"]
[White "Dalkiran, Sertac"]
[Black "Onischuk, Alexander"]
[Result "0-1"]
[WhiteElo "2080"]
[BlackElo "2625"]

1.d4 f5 2.e4 fxe4 3.Nc3 Nf6 4.g4 h6 5.g5 hxg5 6.Bxg5 d5 7.h4 Nc6 8.f3 Bf5
9.Bh3 Qd7 10.Bxf5 Qxf5 11.a3 O-O-O 12.Qd2 e5 13.Bxf6 gxf6 14.fxe4 dxe4 15.d5 Nd4
16.Qg2 Bh6 17.Rd1 Rhg8 18.Qxe4 Nxc2+ 19.Ke2 Qh5+ 20.Kd3 Ne3 21.Re1 Rg4 22.Rxe3 Rxe4
23.Rxe4 c6 24.Rc4 Rxd5+ 25.Nxd5 Qd1+  0-1

[Event "EUCup Gr6"]
[Site "Heraklio"]
[Date "1997.10.12"]
[Round "3"]
[White "Porfiriadis, Sotirios"]
[Black "Onischuk, Alexander"]
[Result "0-1"]
[WhiteElo "2340"]
[BlackElo "2625"]

1.d4 f5 2.Nf3 Nf6 3.g3 g6 4.Bg2 Bg7 5.O-O O-O 6.c4 d6 7.Nc3 Na6 8.Rb1 c6
9.b4 Ne4 10.Nxe4 fxe4 11.Ng5 d5 12.cxd5 cxd5 13.Nh3 Nc7 14.a4 Bf5 15.Be3 Ne8
16.Rc1 Qd7 17.Nf4 Nf6 18.h4 h6 19.Bh1 Rac8 20.Qb3 e6 21.f3 g5 22.hxg5 hxg5
23.Ng2 exf3 24.exf3 g4 25.Nf4 Rxc1 26.Rxc1 Rc8 27.Rxc8+ Qxc8 28.Nd3 gxf3
29.Bxf3 Ng4 30.Bxg4 Bxg4 31.Ne5 Bf5 32.Qd1 Qc3 33.Bf2 Be4 34.Kh2 Qb2 35.Qe1 Bh6
36.Ng4 Bg5 37.Kg1 Kg7 38.b5 b6 39.Qd1 Qc2  0-1

[Event "WchT 4th"]
[Site "Luzern"]
[Date "1997.10.25"]
[Round "1"]
[White "Onischuk, Alexander"]
[Black "De Firmian, Nick E"]
[Result "1/2-1/2"]
[WhiteElo "2625"]
[BlackElo "2570"]

1.e4 c5 2.Nf3 d6 3.d4 cxd4 4.Nxd4 Nf6 5.Nc3 a6 6.Be2 e5 7.Nb3 Be7 8.O-O O-O
9.Kh1 b6 10.Be3 Bb7 11.f3 b5 12.a4 b4 13.Nd5 Nxd5 14.exd5 Nd7 15.c4 bxc3
16.bxc3 Bg5 17.Bf2 Qc7 18.c4 Rab8 19.a5 Rfe8 20.Rb1 g6 21.Bd3 Ba8 22.Qc2 Rb4
23.Be1 Rbb8 24.Bf2 Rb4 25.Be1 Rbb8 26.Bf2  1/2-1/2

[Event "WchT 4th"]
[Site "Luzern"]
[Date "1997.10.26"]
[Round "2"]
[White "Ioseliani, Nana"]
[Black "Onischuk, Alexander"]
[Result "0-1"]
[WhiteElo "2520"]
[BlackElo "2625"]

1.d4 Nf6 2.Nf3 e6 3.c4 b6 4.e3 Bb7 5.Bd3 Be7 6.O-O O-O 7.Nc3 d5 8.b3 c5 9.cxd5 exd5
10.Bb2 Nc6 11.Ne2 Ne4 12.Ng3 Nb4 13.Bb1 Nxg3 14.hxg3 Rc8 15.a3 Nc6 16.Bf5 Rc7
17.dxc5 bxc5 18.Rc1 Bf6 19.Qd2 Bxb2 20.Qxb2 g6 21.Bb1 Qd6 22.Rfd1 Rfc8 23.Ba2 Nd8
24.b4 Ne6 25.bxc5 Nxc5 26.Qb4 Ne4 27.Qb2 Qb6 28.Qxb6 axb6 29.Rxc7 Rxc7 30.Nd4 Rc3
31.Bb3 h5 32.a4 Rc5 33.Ne2 Ba6 34.Nd4 Kf8 35.Bc2 Nc3 36.Ra1 Ke7 37.Kh2 Ne2
38.Bb3 Kd6 39.Rb1 Nxd4 40.exd4 Rc3 41.Bd1 Kc6 42.Ra1 Kd6 43.Rb1 Kc7 44.Ra1 Bc4
45.g4 h4 46.Bf3 Rd3 47.Kh3 g5 48.Re1 Kd7 49.Rb1 Kc6 50.Re1 Kd6 51.Rb1 Rb3
52.Re1 Ra3 53.Rb1 Rb3 54.Re1 Rb4 55.Ra1 Rb2 56.Kh2 Rxf2 57.Rb1 Kc6 58.Rc1 Kc7
59.Re1 Kd7 60.Rb1 Ra2 61.Rxb6 Rxa4 62.Rf6 Ke7 63.Rf5 f6 64.Bxd5 Bxd5 65.Rxd5 Ra3
66.Kg1 Rg3 67.Kf2 Ke6 68.Ra5 Rxg4 69.Ra4 Kf5 70.Rb4 Re4 71.Rb5+ Kf4 72.Rb6 f5
73.Rd6 g4 74.Rd8 g3+ 75.Kf1 h3  0-1

[Event "WchT 4th"]
[Site "Luzern"]
[Date "1997.10.28"]
[Round "4"]
[White "Lputian, Smbat G"]
[Black "Onischuk, Alexander"]
[Result "1-0"]
[WhiteElo "2585"]
[BlackElo "2625"]

1.d4 Nf6 2.Nf3 e6 3.c4 b6 4.a3 Bb7 5.Nc3 d5 6.cxd5 Nxd5 7.Bd2 Be7 8.Qc2 O-O
9.e4 Nxc3 10.Bxc3 c5 11.dxc5 bxc5 12.Rd1 Qb6 13.Ne5 Qc7 14.Nc4 Nc6 15.Bd3 Nd4
16.Qb1 a5 17.O-O Rfd8 18.Rfe1 a4 19.Qc1 Nb5 20.Be5 Qc6 21.Qe3 f6 22.Bc3 Nxc3
23.bxc3 Rd7 24.Rb1 Bd8 25.h4 Bc7 26.h5 Rad8 27.Bf1 Ba6 28.Qh3 Kh8 29.Qh4 Rg8
30.Nb6 Rd3 31.e5 Bxb6 32.exf6 c4 33.fxg7+ Rxg7 34.Qf6 Bd8 35.Rxe6 Qxg2+ 36.Bxg2 Bxf6
37.Rxf6 Rd8 38.h6 Rg6 39.Rxg6 hxg6 40.Rb6 Bc8 41.Rb8 Kh7 42.Kh2 Kxh6 43.Bh3 Rd3
44.Rxc8 Rxc3 45.Kg2 Rxa3 46.Rxc4 Ra1 47.Be6 Re1 48.Rc6 Kg7 49.Ra6 Ra1 50.Bb3 a3
51.Bc2 Rc1 52.Be4 Rc4 53.Kf3  1-0